Responses for Show #2666 - Monday, March 18, 1996

Contestants

[<< previous game]

Heather Gifford, a paralegal from Washington, D.C.

Steve Curran, a market segment manager from Elmwood Park, New Jersey

Elliot Wilen, a network administrator originally from Baltimore, Maryland (whose 1-day cash winnings total $9,401)

[next game >>]

Jeopardy! Round responses

HISTORIC ROBERTS
CELEBRITIES SPEAK
FOOD
STATE MOTTOES
SAINTS
ANAGRAMS
    $100 26
Robert E. Lee

Elliot
    $100 21
Mickey Mouse

Steve
    $100 7
corn

heather
    $100 16
independence

Elliot
    $100 1
St. Patrick

heather
    $100 2
a statue

heather
    $200 27
Robert Kennedy

Elliot
    $200 22
ulcers

Steve
    $200 8
a shark

Steve
    $200 17
(heather: What is Louisiana?)

Alabama

Steveheather
    $200 12
St. Joseph

Steve
    $200 3
asleep

heather
    $300 28
Taft

Elliot
    $300 23
Clark Gable

heather
    $300 9
pesto

Steve
    $300 18
(Steve: What is Rhode Island?)

Maine

Steveheather
    $300 13
Poland

Steve
    $300 4
(Steve: What is Latin?)

English

Steveheather
    $400 29
Robert McNamara

Steve
    $400 24
Jessica Lange

heather
    $400 10
goat

Elliot
    $400 19
(Alex: Nothing?)
(heather: No clue.)
(Alex: The music is from Anything Goes. Patti LuPone was singing, and the title of the song is [*]. [*].)

"Friendship"

heather
    $400 14
the Jesuits

Steve
    $400 5
Ironside

Steve
    $500 30
Robert Bruce

Elliot
    $500 25
to die

Steve
    $500 11
Green Goddess

Triple Stumper
    $500 20
Commerce

Triple Stumper
    $500 15
Simon Peter

heather
    $500 6
a varlet

Triple Stumper

Scores at the first commercial break (after clue 11):

Elliot Steve heather
$400 $600 $800

Scores at the end of the Jeopardy! Round:

Elliot Steve heather
$1,600 $2,600 $1,700

Double Jeopardy! Round responses

20th CENTURY OPERA
TECHNOLOGY
THE MIDDLE AGES
TRAVEL & TOURISM
AUTHORS
THE NATIONAL WOMEN'S HALL OF FAME
    $200 17
Copenhagen

Elliot
    $200 7
(heather: What is a fibrillator?)

a pacemaker

Steveheather
    $200 1
Joan of Arc

Steve
    $200 2
Austin

Elliot
    $200 16
Victor Hugo

Elliot
    $200 23
Annie Oakley

Elliot
    $400 22
Nixon

Steve
    $400 8
ultrasound

Elliot
    $400 3
Oxford

Elliot
    $400 10
The Beatles

Elliot
    $400 18
(John) Grisham

heather
    $400 24
Clara Barton

Steve
    $600 28
San Francisco

Elliot
    $600 9
a typewriter

heather
    $600 4
Venice

Steve
    $600 13
Edinburgh

Steve
    $600 19
Alice Walker

heather
    $600 25
Babe Didrikson

Steve
    $800 29
Sicily

Elliot
    $800 11
a crystal

Steve
    $800 5
Illumination

Elliot
    $800 14
(Elliot: What is Newfoundland?)

the Virgin Islands

ElliotSteve
    $800 20
Proust

Elliot
    $800 26
Margaret Chase Smith

Steve
    $1000 30
(Henry) James

heather
    $1000 12
telegraphs

Steve
    $1,400 6
Paris

Elliot
    $1000 15
Starlight Express

Triple Stumper
    $1000 21
Sinclair Lewis

Triple Stumper
    $1,000 27
(Steve: Who is Eddy?)

Susan B. Anthony

Steve

Scores at the end of the Double Jeopardy! Round:

Elliot Steve heather
$7,200 $8,000 $4,100

[wagering suggestions for these scores]

Final Jeopardy! Round responses

BIRDS
heatherWhat is the dodo?
$0
ElliotWhat is a passenger pigeon
$7,200
SteveWhat is the dodo?
$6,401
the passenger pigeon

Final scores:

Elliot Steve heather
$14,400 $1,599 $4,100
2-day champion: $23,801 3rd place: Panasonic 13" travel TV/VCR combo 2nd place: trip to Park City, Utah

Game dynamics:

Coryat scores:

Elliot Steve heather
$6,800 $9,000 $4,500
18 R
(including 1 DD),
1 W
22 R,
3 W
(including 1 DD)
13 R,
3 W
(including 1 DD)

Combined Coryat: $20,300

[game clues] [game scores] [suggest correction]

Game tape date: Unknown
The J! Archive is created by fans, for fans. Scraping, republication, monetization, and malicious use prohibited; this site may use cookies and collect identifying information. See terms. The Jeopardy! game show and all elements thereof, including but not limited to copyright and trademark thereto, are the property of Jeopardy Productions, Inc. and are protected under law. This website is not affiliated with, sponsored by, or operated by Jeopardy Productions, Inc. Join the discussion at JBoard.tv.